| 000 | 00822nam a2200289Ia 4500 | ||
|---|---|---|---|
| 008 | 160803s9999 xx 000 0 und d | ||
| 020 | _a0 590927833 | ||
| 100 | _aStevens, Jan Romero | ||
| 245 | _aCarlos and the squash plant = Carlos y la planta de calabaza / | ||
| 245 | _cstory by = cuento por Jan Romero Stevens ; illustrated by = ilustrado por Jeanne Arnold. | ||
| 260 | _aNew York : | ||
| 260 | _bScholastic Inc. | ||
| 260 | _c1993 | ||
| 300 | _a1 volume (unpaged) : | ||
| 300 | _bcolor illustration ; | ||
| 300 | _c28 cm | ||
| 650 | _aCleanliness -- | ||
| 650 | _aFarm life -- | ||
| 650 | _aNew Mexico -- | ||
| 650 | _aSpanish language materials. | ||
| 650 | _aSquashes -- | ||
| 650 | _xFiction. | ||
| 650 | _xFiction. | ||
| 650 | _xFiction. | ||
| 650 | _xFiction. | ||
| 700 | _a850 | ||
| 999 |
_c299043 _d299043 |
||